书目信息 |
| 题名: |
画法几何及机械制图
|
|
| 作者: | 李虹 , 暴建岗 , 程军 主编 | |
| 分册: | ||
| 出版信息: | 北京 国防工业出版社 2008.08 |
|
| 页数: | 426页 | |
| 开本: | 26cm | |
| 丛书名: | ||
| 单 册: | ||
| 中图分类: | TH126 | |
| 科图分类: | ||
| 主题词: | 画法几何--hua fa ji he , 机械制图--ji xie zhi tu | |
| 电子资源: | ||
| ISBN: | 978-7-118-05848-2 | |
| 000 | 00997nam0 2200289 450 | |
| 001 | 012009653827 | |
| 005 | 20091011083138.31 | |
| 010 | @a978-7-118-05848-2@dCNY41.00 | |
| 100 | @a20091011d2008 em y0chiy0120 ea | |
| 101 | 0 | @achi |
| 102 | @aCN@b110000 | |
| 105 | @aak a 000yy | |
| 106 | @ar | |
| 200 | 1 | @a画法几何及机械制图@Ahua fa ji he ji ji xie zhi tu@f李虹, 暴建岗, 程军主编@Fli hong,bao jian gang,cheng jun zhu bian |
| 210 | @a北京@c国防工业出版社@d2008.08 | |
| 215 | @a426页@c图@d26cm | |
| 300 | @a总装备国防部工业“十一五”规划教材 | |
| 320 | @a有书目 (第425-426页) | |
| 330 | @a本书主要内容包括:点、直线、平面的投影,直线与平面以及平面与平面的相对位置,投影变换,制图的基本知识与技能等。 | |
| 606 | 0 | @a画法几何@Ahua fa ji he |
| 606 | 0 | @a机械制图@Aji xie zhi tu |
| 690 | @aTH126@v4 | |
| 701 | 0 | @a李虹@Ali hong@4主编 |
| 701 | 0 | @a暴建岗@Abao jian gang@4主编 |
| 701 | 0 | @a程军@Acheng jun@4主编 |
| 801 | 0 | @aCN@bQSSK@c20091011 |
| 905 | @b761470-72@dTH126@eL172@f3 | |
| 画法几何及机械制图/李虹, 暴建岗, 程军主编.-北京:国防工业出版社,2008.08 |
| 426页:图;26cm |
| 总装备国防部工业“十一五”规划教材 |
| ISBN 978-7-118-05848-2:CNY41.00 |
| 本书主要内容包括:点、直线、平面的投影,直线与平面以及平面与平面的相对位置,投影变换,制图的基本知识与技能等。 |
| ● |
| 相关链接 |
|
|
|
正题名:画法几何及机械制图
索取号:TH126/L172
 
预约/预借
| 序号 | 登录号 | 条形码 | 馆藏地/架位号 | 状态 | 备注 |
| 1 | 761470 | 207614704 | 期刊室512/501自科库 35排3列4层/ [索取号:TH126/L172] | 在馆 | |
| 2 | 761471 | 207614713 | 自科库501/400A自科库 29排3列3层/ [索取号:TH126/L172] | 在馆 | |
| 3 | 761472 | 207614722 | 自科库501/501自科库 35排3列4层/ [索取号:TH126/L172] | 在馆 |